| 000 | 00562nam a2200193 a 4500 | ||
|---|---|---|---|
| 001 | 1773220478332 | ||
| 003 | YourLibrary | ||
| 005 | 20260311144731.0 | ||
| 008 | 260311s1995##################000#0#eng## | ||
| 020 | _a9780792336242 | ||
| 082 | 0 | 4 |
_a362.17820949 _bSTE |
| 100 | 1 |
_aScenarios, Steering Committee on Future Health, _eauthor. |
|
| 245 | 1 | 0 | _aThe Future of Medicines in Health Care : |
| 260 |
_bSpringer Science & Business Media, _c1995. |
||
| 300 | _a320 pages | ||
| 650 | 0 | _aMedical. | |
| 942 | _cENGLISH | ||
| 040 |
_aYourLibrary _beng _cYourLibrary |
||
| 999 |
_c617556 _d617556 |
||